000 00449nam a2200193Ia 4500
008 101110s9999 xx 000 0 und d
041 _aMARATHI
082 _bSR17134
_a658.2
100 _aPatkar M.G.
245 _aAudhyogik Vyavasthapan
365 _b40
520 _aCommerce
546 _aMARATHI
630 _aAudhyogik Vyavasthapan
650 _aCommerce
655 _aCommerce
730 _aAudhyogik Vyavasthapan
942 _cBOOK
999 _c810846
_d810843